[Event "Landesklasse West 2014/2015"]
[Site "?"]
[Date "2015.03.01"]
[Round "7"]
[White "Anschütz, Bernd"]
[Black "Walter, Martin"]
[Result "1/2-1/2"]
[WhiteElo "1725"]
[BlackElo "1660"]
[PlyCount "84"]
[EventDate "2015.??.??"]
[WhiteTeam "SV Wartburgstadt Eisenach"]
[BlackTeam "SK Dingelstädt 1921"]

1. e4 e5 2. Nf3 Nf6 3. d4 Nxe4 4. Nxe5 d5 5. Bd3 Nf6 6. O-O Bd6 7. Re1 O-O 8.
Bg5 Be6 9. Nc3 c6 10. Qf3 Be7 11. Qg3 Nh5 12. Bxe7 Qxe7 13. Qe3 Nf6 14. Qg5 Re8
15. Re3 Nfd7 16. Qh5 g6 17. Qh6 Nxe5 18. Rxe5 Nd7 19. Re3 Qb4 20. Ne2 Qxb2 21.
Re1 Qb4 22. c3 Qd6 23. Nf4 Nf8 24. Rg3 Qe7 25. Nh5 f5 26. Bxf5 Qf7 27. Bxe6
Rxe6 28. Rxe6 Nxe6 29. Rf3 Qe7 30. Re3 Qg5 31. Qxg5 Nxg5 32. Nf6+ Kg7 33. Ne8+
Kf8 34. Nf6 Kf7 35. Nd7 Re8 36. Ne5+ Kf6 37. h4 Ne4 38. g4 Nd6 39. Kf1 Re7 40.
Ke2 Ne4 41. f3 Nd6 42. Kd3 Nf7 1/2-1/2

[Event "Landesklasse West 2014/2015"]
[Site "?"]
[Date "2015.03.01"]
[Round "7"]
[White "Hocke, Sebastian"]
[Black "Klingler, Lutz"]
[Result "1-0"]
[WhiteElo "2054"]
[BlackElo "1945"]
[PlyCount "75"]
[EventDate "2015.??.??"]
[WhiteTeam "ESV Lok Meiningen"]
[BlackTeam "SV Schmalkalden 04"]

1. e4 g6 2. d4 Bg7 3. Nc3 d6 4. f4 Nc6 5. Bb5 Bd7 6. Nf3 a6 7. Bxc6 bxc6 8. O-O
e6 9. e5 Ne7 10. Ne4 d5 11. Nc5 h5 12. Nh4 Nf5 13. Nxf5 gxf5 14. Qd3 a5 15. b3
Bf8 16. Ba3 Bxc5 17. Bxc5 Qh4 18. c4 Rg8 19. Rf3 f6 20. Qe3 Kf7 21. exf6 Qxf6
22. Rh3 h4 23. Re1 Rg4 24. cxd5 cxd5 25. a4 Rag8 26. Re2 Qh6 27. Rf3 Qg6 28.
Rff2 Qf6 29. Qd2 Ra8 30. Ba3 Rgg8 31. Qc3 c6 32. Bd6 Ra7 33. Rf3 Qd8 34. Rh3
Rg4 35. Qe1 Bc8 36. Bc5 Rb7 37. Rf3 Qc7 38. Re5 1-0

[Event "Landesklasse West 2014/2015"]
[Site "?"]
[Date "2015.03.01"]
[Round "7"]
[White "Krannich, Steffen"]
[Black "Grube, Jan"]
[Result "1/2-1/2"]
[WhiteElo "1810"]
[BlackElo "1824"]
[PlyCount "94"]
[EventDate "2015.??.??"]
[WhiteTeam "SV Schmalkalden 04"]
[BlackTeam "ESV Lok Meiningen"]

1. d4 d5 2. Nf3 Nf6 3. g3 g6 4. c4 Bg7 5. Bg2 O-O 6. O-O dxc4 7. Na3 Be6 8. Ne5
Bd5 9. Bxd5 Qxd5 10. Naxc4 Nc6 11. Ne3 Qd6 12. Nxc6 Qxc6 13. b3 Rad8 14. Bb2 e5
15. Rc1 Qe4 16. Rxc7 exd4 17. Nc2 d3 18. Ne3 Nd5 19. Bxg7 dxe2 20. Qxe2 Nxc7
21. Bxf8 Kxf8 22. Qb2 Ne6 23. Qf6 Qd4 24. Qxd4 Rxd4 25. Rd1 Ke7 26. Kf1 Rxd1+
27. Nxd1 Kd6 28. Ke2 Kc5 29. Kd3 a5 30. Ne3 b5 31. Kc3 Ng5 32. Kd3 f5 33. Nc2
b4 34. Ne3 Ne4 35. Nd1 Kb5 36. f3 Nc5+ 37. Kc2 Ne6 38. Kd3 a4 39. Ne3 Nc5+ 40.
Kc2 a3 41. Kd2 Ne6 42. Nc2 Kc5 43. Ke3 h5 44. h4 f4+ 45. gxf4 Ng7 46. Nd4 Nf5+
47. Nxf5 gxf5 1/2-1/2

[Event "Landesklasse West 2014/2015"]
[Site "?"]
[Date "2015.03.01"]
[Round "7"]
[White "Rosenberg, Erik"]
[Black "Burkhardt, Christian"]
[Result "1/2-1/2"]
[WhiteElo "1633"]
[BlackElo "1677"]
[PlyCount "58"]
[EventDate "2015.??.??"]
[WhiteTeam "ESV Lok Meiningen"]
[BlackTeam "SV Schmalkalden 04"]

1. d4 d5 2. c4 e6 3. Nc3 Nf6 4. Bg5 Be7 5. e3 c6 6. Nf3 Nbd7 7. Qc2 O-O 8. cxd5
exd5 9. Bd3 Re8 10. O-O Nf8 11. Rab1 Nh5 12. Bxe7 Qxe7 13. b4 a6 14. a4 Nf6 15.
b5 axb5 16. axb5 c5 17. dxc5 Qxc5 18. Rfc1 Be6 19. Nd4 Rec8 20. Nce2 Qd6 21.
Qb2 N8d7 22. Nf5 Bxf5 23. Bxf5 g6 24. Bxd7 Nxd7 25. Nf4 Nb6 26. Rxc8+ Rxc8 27.
Rd1 Rc5 28. Rd4 Rc4 29. h3 Qc7 1/2-1/2

[Event "Landesklasse West 2014/2015"]
[Site "?"]
[Date "2015.03.01"]
[Round "7"]
[White "Weigend, Joachim"]
[Black "Webel, Peter"]
[Result "1/2-1/2"]
[WhiteElo "1784"]
[BlackElo "1724"]
[PlyCount "21"]
[EventDate "2015.??.??"]
[WhiteTeam "SV Schmalkalden 04"]
[BlackTeam "ESV Lok Meiningen"]

1. c4 e5 2. Nc3 Bb4 3. Nd5 Be7 4. d3 Nf6 5. g3 Nxd5 6. cxd5 Bb4+ 7. Bd2 Bxd2+
8. Qxd2 d6 9. Bg2 O-O 10. Nf3 f5 11. O-O 1/2-1/2

[Event "Landesklasse West 2014/2015"]
[Site "?"]
[Date "2015.03.01"]
[Round "7"]
[White "Holland-Cunz, Dietrich"]
[Black "Röder, Detlef"]
[Result "1-0"]
[WhiteElo "1803"]
[BlackElo "1610"]
[PlyCount "43"]
[EventDate "2015.??.??"]
[WhiteTeam "ESV Lok Meiningen"]
[BlackTeam "SV Schmalkalden 04"]

1. d4 f5 2. c4 e6 3. Nf3 Nf6 4. g3 d5 5. Bg2 c6 6. O-O Bd6 7. cxd5 exd5 8. Ne5
O-O 9. Bf4 Qc7 10. Nd2 Nbd7 11. Ndf3 Ne4 12. Nxd7 Bxd7 13. Bxd6 Qxd6 14. Ne5
Nf6 15. f3 Be8 16. Qb3 Rb8 17. Rac1 Nd7 18. Nxd7 Bxd7 19. e4 Be6 20. e5 Qe7 21.
f4 Qc7 22. Bxd5 1-0

[Event "Landesklasse West 2014/2015"]
[Site "?"]
[Date "2015.03.01"]
[Round "7"]
[White "Himmel, Matthias"]
[Black "Grundei, Hans-Jürgen"]
[Result "0-1"]
[WhiteElo "1597"]
[BlackElo "1350"]
[PlyCount "60"]
[EventDate "2015.??.??"]
[WhiteTeam "SV Schmalkalden 04"]
[BlackTeam "ESV Lok Meiningen"]

1. d4 d5 2. Nf3 Nf6 3. e3 Bg4 4. h3 Bxf3 5. Qxf3 Nbd7 6. Nd2 c6 7. Bd3 e5 8.
dxe5 Nxe5 9. Qe2 Bd6 10. O-O O-O 11. Nf3 Qc7 12. b3 Nxf3+ 13. Qxf3 Be5 14. Rb1
Rfe8 15. Bb2 Bxb2 16. Rxb2 Qe5 17. Rbb1 g6 18. c4 Qd6 19. Rfd1 Qe5 20. Rd2 Rad8
21. Rbd1 d4 22. exd4 Rxd4 23. Re2 Qd6 24. Rxe8+ Nxe8 25. Bc2 Nc7 26. b4 Ne6 27.
Bb3 Ng5 28. Qe2 Ne4 29. Kh1 Rxd1+ 30. Bxd1 Qxd1+ 0-1

[Event "Landesklasse West 2014/2015"]
[Site "?"]
[Date "2015.03.01"]
[Round "7"]
[White "Krüger, Karsten"]
[Black "Kuntze, Andreas"]
[Result "0-1"]
[WhiteElo "1254"]
[BlackElo "1996"]
[PlyCount "48"]
[EventDate "2015.??.??"]
[WhiteTeam "Schachverein Stützerbach"]
[BlackTeam "Schachclub Rochade Leinefelde"]

1. e4 d6 2. d4 Nf6 3. Nc3 Nbd7 4. Nf3 e5 5. dxe5 dxe5 6. Bg5 c6 7. Bxf6 Qxf6 8.
Be2 Bc5 9. O-O O-O 10. a3 Rd8 11. Qc1 Nf8 12. Qg5 Qxg5 13. Nxg5 Ne6 14. Nxe6
Bxe6 15. Rad1 Bd4 16. Rd3 Rd7 17. Bf3 Bc4 18. Rfd1 Bxd3 19. Rxd3 Rad8 20. Bg4
Rd6 21. Nd1 Kf8 22. Rh3 h6 23. Rf3 Bxb2 24. Ne3 Rd1+ 0-1

[Event "Landesklasse West 2014/2015"]
[Site "?"]
[Date "2015.03.01"]
[Round "7"]
[White "Kachel, Alfred"]
[Black "Latussek, Paul"]
[Result "1-0"]
[WhiteElo "1951"]
[BlackElo "1446"]
[PlyCount "39"]
[EventDate "2015.??.??"]
[WhiteTeam "Schachclub Rochade Leinefelde"]
[BlackTeam "Schachverein Stützerbach"]

1. d4 f5 2. c4 Nf6 3. Nc3 e6 4. Nf3 Be7 5. Bg5 O-O 6. e3 b6 7. Bd3 Bb7 8. Qc2
h6 9. Bxf6 Bxf6 10. a3 Nc6 11. O-O a6 12. Rad1 Qe8 13. Ne2 Rd8 14. e4 f4 15. e5
Be7 16. Bh7+ Kh8 17. Bg6 Rf7 18. d5 Nb8 19. Nxf4 Qf8 20. Bf5 1-0

[Event "Landesklasse West 2014/2015"]
[Site "?"]
[Date "2015.03.01"]
[Round "7"]
[White "Löhn, Marko"]
[Black "Frank, Thomas"]
[Result "1/2-1/2"]
[WhiteElo "1553"]
[BlackElo "1922"]
[PlyCount "29"]
[EventDate "2015.??.??"]
[WhiteTeam "Schachverein Stützerbach"]
[BlackTeam "Schachclub Rochade Leinefelde"]

1. e4 c5 2. Nf3 e6 3. d4 cxd4 4. Nxd4 Nc6 5. Nb5 d6 6. Bf4 e5 7. Be3 Nf6 8. f3
Be6 9. Be2 Be7 10. O-O O-O 11. c4 h6 12. N1c3 a6 13. Na3 Rc8 14. Nd5 Nd7 15.
Qd2 1/2-1/2

[Event "Landesklasse West 2014/2015"]
[Site "?"]
[Date "2015.03.01"]
[Round "7"]
[White "Handschuh, Franz"]
[Black "Pfitzenreuter, Gerald"]
[Result "1/2-1/2"]
[WhiteElo "1860"]
[BlackElo "1863"]
[PlyCount "82"]
[EventDate "2015.??.??"]
[WhiteTeam "Schachverein Stützerbach"]
[BlackTeam "Schachclub Rochade Leinefelde"]

1. d4 Nf6 2. e3 g6 3. Bd3 Bg7 4. f4 O-O 5. Nf3 d5 6. O-O b6 7. Nbd2 c5 8. c3
Ba6 9. Qe2 Bxd3 10. Qxd3 Nbd7 11. Ne5 Rc8 12. Qb5 Qc7 13. Qe2 Ne8 14. Ndf3 Ndf6
15. Bd2 Ne4 16. Be1 f6 17. Nd3 N8d6 18. Nd2 Nxd2 19. Bxd2 Ne4 20. f5 Qd7 21.
fxg6 hxg6 22. Nf2 Nd6 23. Nh3 e5 24. dxc5 Rxc5 25. Nf2 Bh6 26. b4 Rc4 27. Qd3
Ne4 28. Rad1 Kg7 29. Be1 Nxf2 30. Bxf2 Rd8 31. Rd2 Qc6 32. Rc2 d4 33. exd4 exd4
34. Be1 Rc8 35. Qf3 Qxf3 36. Rxf3 Rxb4 37. Re2 Rb1 38. cxd4 Rcc1 39. Kf2 Kf7
40. Bd2 Bxd2 41. Rxd2 Rf1+ 1/2-1/2

[Event "Landesklasse West 2014/2015"]
[Site "?"]
[Date "2015.03.01"]
[Round "7"]
[White "Müller, Sebastian"]
[Black "Brehme, Stefan"]
[Result "0-1"]
[WhiteElo "1833"]
[BlackElo "1806"]
[PlyCount "76"]
[EventDate "2015.??.??"]
[WhiteTeam "Schachclub Rochade Leinefelde"]
[BlackTeam "Schachverein Stützerbach"]

1. e4 e5 2. Nf3 Nc6 3. c4 Bc5 4. Nc3 d6 5. h3 Nge7 6. d3 O-O 7. a3 a5 8. Be3 f5
9. Bxc5 dxc5 10. Be2 Ng6 11. g3 Nd4 12. Nb5 fxe4 13. Nbxd4 exd4 14. dxe4 Qf6
15. Qd3 a4 16. O-O-O Ra6 17. Rde1 Be6 18. Kb1 Rd8 19. Rc1 h6 20. Rh2 Rb6 21.
Bd1 Bd7 22. Bc2 Rf8 23. Bd1 Re6 24. e5 Nxe5 25. Nxe5 Rxe5 26. Ka1 Bf5 27. Qd2
Qc6 28. f4 Re3 29. g4 Bd7 30. f5 Rfe8 31. Bc2 Qf6 32. h4 Bc6 33. Rg1 Qd6 34. g5
d3 35. Bd1 h5 36. f6 g6 37. Rf2 Kf7 38. Rgf1 Qd4 {ZÜ} 0-1

[Event "Landesklasse West 2014/2015"]
[Site "?"]
[Date "2015.03.01"]
[Round "7"]
[White "Stöber, Guido"]
[Black "Licht, Ralph"]
[Result "0-1"]
[WhiteElo "1412"]
[BlackElo "1667"]
[PlyCount "75"]
[EventDate "2015.??.??"]
[WhiteTeam "Schachclub Rochade Leinefelde"]
[BlackTeam "Schachverein Stützerbach"]

1. e4 e6 2. d4 d5 3. e5 c5 4. c3 Nc6 5. Nf3 Qb6 6. Be2 cxd4 7. cxd4 Nge7 8. Nc3
Nf5 9. Na4 Bb4+ 10. Bd2 Qa5 11. Nc3 Nfxd4 12. Nxd4 Nxd4 13. a3 Nxe2 14. Qxe2
O-O 15. O-O Be7 16. Qg4 f5 17. Qg3 Qb6 18. Rab1 Bd7 19. Ne2 Bb5 20. Rbe1 Bxe2
21. Rxe2 Kh8 22. Bg5 Bxg5 23. Qxg5 Qd8 24. Qxd8 Rfxd8 25. Rc1 Rac8 26. Rec2
Rxc2 27. Rxc2 Kg8 28. f4 Rd7 29. Kf2 Kf7 30. Ke3 Ke7 31. Kd4 Kd8 32. h3 Rc7 33.
Rc3 Kd7 34. g4 g6 35. b4 Rxc3 36. Kxc3 fxg4 37. hxg4 h5 38. f5 0-1

[Event "Landesklasse West 2014/2015"]
[Site "?"]
[Date "2015.03.22"]
[Round "8"]
[White "Recknagel, Michael"]
[Black "Hocke, Sebastian"]
[Result "1-0"]
[WhiteElo "2164"]
[BlackElo "2054"]
[PlyCount "63"]
[EventDate "2015.??.??"]
[WhiteTeam "SC Suhl"]
[BlackTeam "ESV Lok Meiningen"]

1. e4 c5 2. f4 d5 3. exd5 Qxd5 4. Nc3 Qd8 5. Nf3 Nf6 6. Ne5 a6 7. b3 Nbd7 8.
Bb2 e6 9. Qe2 Qc7 10. O-O-O Bd6 11. Ne4 Nxe4 12. Qxe4 Bxe5 13. fxe5 f5 14. exf6
Nxf6 15. Qh4 O-O 16. Bd3 b5 17. Rhf1 c4 18. Be4 cxb3 19. axb3 Bb7 20. Bxf6 gxf6
21. Qg4+ Kh8 22. Bxb7 Qxb7 23. Qxe6 Rae8 24. Qd6 Rd8 25. Qf4 a5 26. Rf3 a4 27.
Qb4 Qd5 28. Kb1 Qe5 29. Qf4 Qe2 30. Rc1 Rxd2 31. Qh6 Rf7 32. Re3 1-0

[Event "Landesklasse West 2014/2015"]
[Site "?"]
[Date "2015.03.22"]
[Round "8"]
[White "Scheftlein, Richard"]
[Black "Silberschlag, Jörg"]
[Result "1-0"]
[WhiteElo "2009"]
[BlackElo "2101"]
[PlyCount "31"]
[EventDate "2015.??.??"]
[WhiteTeam "ESV Lok Meiningen"]
[BlackTeam "SC Suhl"]

1. d4 d5 2. c4 e6 3. Nc3 f5 4. Nf3 Nf6 5. Bf4 c6 6. e3 Be7 7. Bd3 O-O 8. Qc2
Ne4 9. g4 Qa5 10. Ke2 b5 11. cxb5 Bb4 12. gxf5 exf5 13. Nxd5 Rf7 14. Bc7 Rxc7
15. Nxc7 Qxc7 16. Qc4+ 1-0

[Event "Landesklasse West 2014/2015"]
[Site "?"]
[Date "2015.03.22"]
[Round "8"]
[White "Berghof, Axel"]
[Black "Lehmann, Peter"]
[Result "1-0"]
[WhiteElo "2057"]
[BlackElo "1934"]
[PlyCount "61"]
[EventDate "2015.??.??"]
[WhiteTeam "SC Suhl"]
[BlackTeam "ESV Lok Meiningen"]

1. e4 c6 2. d4 d5 3. e5 Bf5 4. Ne2 e6 5. Ng3 Bg6 6. h4 h5 7. Nd2 Nd7 8. Nf3 Qb6
9. Bd3 Bxd3 10. Qxd3 c5 11. c3 cxd4 12. cxd4 Bb4+ 13. Kf1 O-O-O 14. Ne2 Kb8 15.
Bf4 Rc8 16. g3 Rc6 17. Kg2 Nh6 18. Rac1 Nf5 19. Rxc6 bxc6 20. a3 Be7 21. b4 Kc7
22. Rc1 Rb8 23. Nc3 a5 24. Nxd5+ exd5 25. Qxf5 Kd8 26. Qxf7 axb4 27. axb4 Ra8
28. Bg5 Bxg5 29. Nxg5 Ra2 30. Ne6+ Kc8 31. Qe8+ 1-0

[Event "Landesklasse West 2014/2015"]
[Site "?"]
[Date "2015.03.22"]
[Round "8"]
[White "Jörges, Frank"]
[Black "Feld-Gerdes, Wolfgang"]
[Result "1/2-1/2"]
[WhiteElo "1822"]
[BlackElo "2035"]
[PlyCount "84"]
[EventDate "2015.??.??"]
[WhiteTeam "ESV Lok Meiningen"]
[BlackTeam "SC Suhl"]

1. d4 d5 2. Nf3 Nf6 3. c3 Bf5 4. Bg5 Nbd7 5. e3 e6 6. Bd3 Bxd3 7. Qxd3 Bd6 8.
Nbd2 Qc8 9. e4 dxe4 10. Nxe4 Nxe4 11. Qxe4 O-O 12. O-O c5 13. Rad1 Qc7 14. g3
h6 15. Bc1 Nf6 16. Qe2 c4 17. Ne5 Bxe5 18. Qxe5 Qxe5 19. dxe5 Nd5 20. Rd4 b5
21. h4 Kh7 22. h5 Rad8 23. Kg2 Rd7 24. f4 Rfd8 25. g4 Ne7 26. Be3 Nc6 27. Rxd7
Rxd7 28. Kf2 a6 29. Ke2 Rd3 30. Rd1 Rxd1 31. Kxd1 g6 32. hxg6+ Kxg6 33. Ke2 h5
34. gxh5+ Kxh5 35. Kf3 Ne7 36. Bd2 Nf5 37. Bc1 Kh4 38. Bd2 Kh3 39. b3 cxb3 40.
axb3 a5 41. Ke4 Kg4 42. c4 bxc4 1/2-1/2

[Event "Landesklasse West 2014/2015"]
[Site "?"]
[Date "2015.03.22"]
[Round "8"]
[White "Koch, Stefan"]
[Black "Grube, Jan"]
[Result "1-0"]
[WhiteElo "1851"]
[BlackElo "1824"]
[PlyCount "99"]
[EventDate "2015.??.??"]
[WhiteTeam "SC Suhl"]
[BlackTeam "ESV Lok Meiningen"]

1. d4 d5 2. c4 e6 3. Nc3 Nf6 4. Bg5 Be7 5. e3 O-O 6. Nf3 Nbd7 7. Bd3 dxc4 8.
Bxc4 Re8 9. O-O c6 10. e4 Nf8 11. e5 Nd5 12. Bxe7 Qxe7 13. Ne4 h6 14. Re1 Rd8
15. Qb3 Nc7 16. Nd6 Ne8 17. Nxe8 Rxe8 18. Qe3 a5 19. Nd2 Rd8 20. Rad1 Qb4 21.
a3 Qxb2 22. Ne4 Qb6 23. Nd6 Qa7 24. a4 b6 25. Qf3 Qd7 26. Bb5 Ra7 27. Bxc6 Qe7
28. Nb5 Ra6 29. Qe4 Bd7 30. Bxd7 Qxd7 31. Rc1 Rc8 32. Rc2 Raa8 33. Nd6 Rxc2 34.
Qxc2 Ng6 35. Re3 Ra7 36. Rc3 Ne7 37. h3 Nf5 38. Rc8+ Kh7 39. g4 Kg6 40. gxf5+
exf5 41. Rc6 Kg5 42. Rc3 f4 43. Qe4 f5 44. h4+ Kh5 45. Qxf4 Qxa4 46. Qxf5+ g5
47. Rg3 Rg7 48. Qg4+ Kg6 49. hxg5 Kh7 50. g6+ 1-0

[Event "Landesklasse West 2014/2015"]
[Site "?"]
[Date "2015.03.22"]
[Round "8"]
[White "Webel, Jannik"]
[Black "Will, Ralph"]
[Result "0-1"]
[WhiteElo "1651"]
[BlackElo "1785"]
[PlyCount "68"]
[EventDate "2015.??.??"]
[WhiteTeam "ESV Lok Meiningen"]
[BlackTeam "SC Suhl"]

1. d4 Nf6 2. c4 e6 3. Nf3 b6 4. Bg5 Bb7 5. e3 Be7 6. Nc3 d5 7. cxd5 Nxd5 8.
Bxe7 Qxe7 9. Be2 O-O 10. O-O Nd7 11. Rc1 c5 12. a3 Rfc8 13. Qd2 h6 14. Rc2 Qf6
15. Rfc1 Rd8 16. Nxd5 Bxd5 17. b4 Be4 18. Rc3 Bb7 19. Qc2 cxd4 20. Nxd4 Ne5 21.
Rc7 Rac8 22. Nb5 Qg5 23. Bf1 Nf3+ 24. Kh1 Qh5 25. h3 Ng5 26. f3 Nxh3 27. gxh3
Rxc7 28. Nxc7 Qxf3+ 29. Bg2 Qxh3+ 30. Kg1 Qxe3+ 31. Kh1 Rd2 32. Bxb7 Rxc2 33.
Rxc2 Qh3+ 34. Rh2 Qf1# 0-1

[Event "Landesklasse West 2014/2015"]
[Site "?"]
[Date "2015.03.22"]
[Round "8"]
[White "Müller, Bernd"]
[Black "Rosenberg, Erik"]
[Result "0-1"]
[WhiteElo "1702"]
[BlackElo "1633"]
[PlyCount "50"]
[EventDate "2015.??.??"]
[WhiteTeam "SC Suhl"]
[BlackTeam "ESV Lok Meiningen"]

1. e4 c6 2. d4 d5 3. e5 Bf5 4. h4 h6 5. g4 Be4 6. f3 Bg6 7. h5 Bh7 8. e6 Qd6 9.
exf7+ Kxf7 10. Kf2 Nd7 11. Bd3 Bxd3 12. Qxd3 e5 13. Qf5+ Ngf6 14. Ne2 Be7 15.
c3 Rad8 16. dxe5 Qxe5 17. Qg6+ Kg8 18. Bf4 Bc5+ 19. Kg3 Qxe2 20. Nd2 Ne5 21.
Qf5 Nxf3 22. Nxf3 Qf2+ 23. Kh3 Qxf3+ 24. Bg3 Qxf5 25. gxf5 Nxh5 0-1

[Event "Landesklasse West 2014/2015"]
[Site "?"]
[Date "2015.03.22"]
[Round "8"]
[White "Essegern, Kurt"]
[Black "Geißhirt, Marco"]
[Result "1/2-1/2"]
[WhiteElo "1977"]
[BlackElo "1976"]
[PlyCount "38"]
[EventDate "2015.??.??"]
[WhiteTeam "Randspringer Bad Salzungen"]
[BlackTeam "SG Barchfeld/Breitungen"]

1. e4 c6 2. d4 d5 3. Nc3 dxe4 4. Nxe4 Bf5 5. Ng3 Bg6 6. h4 h6 7. Nf3 Nd7 8. h5
Bh7 9. Bd3 Bxd3 10. Qxd3 Ngf6 11. Bd2 e6 12. O-O-O Qc7 13. Ne4 Nxe4 14. Qxe4
Nf6 15. Qe2 O-O-O 16. Kb1 c5 17. dxc5 Bxc5 18. Ne5 Rd5 19. f4 Rhd8 1/2-1/2

[Event "Landesklasse West 2014/2015"]
[Site "?"]
[Date "2015.03.22"]
[Round "8"]
[White "Rommel, Uwe"]
[Black "Hübschmann, Holger"]
[Result "1/2-1/2"]
[WhiteElo "1859"]
[BlackElo "1879"]
[PlyCount "46"]
[EventDate "2015.??.??"]
[WhiteTeam "SG Barchfeld/Breitungen"]
[BlackTeam "Randspringer Bad Salzungen"]

1. e4 e6 2. d4 d5 3. exd5 exd5 4. Nf3 Nf6 5. Bd3 Bd6 6. Qe2+ Be7 7. O-O O-O 8.
Re1 Nc6 9. Bg5 h6 10. Bxf6 Bxf6 11. c3 Qd6 12. Nbd2 Bd7 13. Ne5 Rae8 14. f4
Nxe5 15. dxe5 Qb6+ 16. Qf2 Be7 17. Qxb6 axb6 18. Nf3 Bc5+ 19. Nd4 b5 20. a3 f6
21. exf6 Rxe1+ 22. Rxe1 Rxf6 23. g3 c6 1/2-1/2

[Event "Landesklasse West 2014/2015"]
[Site "?"]
[Date "2015.03.22"]
[Round "8"]
[White "Essegern, Uwe"]
[Black "Reum, Lutz"]
[Result "1/2-1/2"]
[WhiteElo "1860"]
[BlackElo "1800"]
[PlyCount "46"]
[EventDate "2015.??.??"]
[WhiteTeam "Randspringer Bad Salzungen"]
[BlackTeam "SG Barchfeld/Breitungen"]

1. Nf3 Nf6 2. d4 e6 3. e3 b6 4. Bd3 d5 5. O-O Bb7 6. b3 c5 7. Bb2 Bd6 8. Nbd2
O-O 9. c4 Nc6 10. a3 cxd4 11. exd4 Rc8 12. Rc1 dxc4 13. bxc4 Qe7 14. Qa4 Rfd8
15. d5 Na5 16. Rfe1 Qd7 17. Qxd7 Nxd7 18. dxe6 fxe6 19. Rxe6 Bf4 20. Rce1 Nc5
21. Re7 Nxd3 22. Rxg7+ Kf8 23. Ree7 Nxb2 1/2-1/2

[Event "Landesklasse West 2014/2015"]
[Site "?"]
[Date "2015.03.22"]
[Round "8"]
[White "Crivellaro, Heiko"]
[Black "Schulz, Tilo"]
[Result "1/2-1/2"]
[WhiteElo "1827"]
[BlackElo "1881"]
[PlyCount "35"]
[EventDate "2015.??.??"]
[WhiteTeam "SG Barchfeld/Breitungen"]
[BlackTeam "Randspringer Bad Salzungen"]

1. f4 g6 2. Nf3 Bg7 3. e3 d5 4. Be2 Nf6 5. O-O O-O 6. d3 c5 7. Ne5 Qb6 8. Bf3
Nbd7 9. c4 e6 10. Nxd7 Bxd7 11. e4 Bc6 12. Qe2 Rad8 13. Nc3 d4 14. Nd1 Nd7 15.
Nf2 Rde8 16. Rb1 f5 17. e5 Bxf3 18. Qxf3 1/2-1/2

[Event "Landesklasse West 2014/2015"]
[Site "?"]
[Date "2015.03.22"]
[Round "8"]
[White "Roth, Ralf"]
[Black "Wolf, Tristan"]
[Result "1/2-1/2"]
[WhiteElo "1793"]
[BlackElo "1594"]
[PlyCount "42"]
[EventDate "2015.??.??"]
[WhiteTeam "Randspringer Bad Salzungen"]
[BlackTeam "SG Barchfeld/Breitungen"]

1. e4 c6 2. d4 d5 3. e5 Bf5 4. g4 Be4 5. f3 Bg6 6. h4 h5 7. Ne2 e6 8. Nf4 Ne7
9. Nc3 Nd7 10. Be3 a6 11. Bd3 Bxd3 12. Qxd3 hxg4 13. fxg4 c5 14. O-O-O cxd4 15.
Bxd4 Qc7 16. Qe3 O-O-O 17. h5 Nc6 18. Nd3 Nxd4 19. Qxd4 Bc5 20. Nxc5 Qxc5 21.
Qf4 Rdf8 1/2-1/2

[Event "Landesklasse West 2014/2015"]
[Site "?"]
[Date "2015.03.22"]
[Round "8"]
[White "Reum, Jonathan"]
[Black "Busch, Alexander"]
[Result "1/2-1/2"]
[WhiteElo "1525"]
[BlackElo "1808"]
[PlyCount "42"]
[EventDate "2015.??.??"]
[WhiteTeam "SG Barchfeld/Breitungen"]
[BlackTeam "Randspringer Bad Salzungen"]

1. d4 Nf6 2. c4 g6 3. Nc3 Bg7 4. Nf3 d5 5. e3 O-O 6. Be2 dxc4 7. Bxc4 Nc6 8.
O-O Bf5 9. h3 a6 10. Qe2 Ne4 11. Bd3 Nxc3 12. bxc3 Bxd3 13. Qxd3 Qd7 14. a4 e5
15. Ba3 Rfe8 16. Nd2 b6 17. Rfd1 Na5 18. Bb4 Nb7 19. Qc2 Qe6 20. Rac1 a5 21.
Ba3 Rad8 1/2-1/2

[Event "Landesklasse West 2014/2015"]
[Site "?"]
[Date "2015.03.22"]
[Round "8"]
[White "Kunze, Heinz"]
[Black "Abe, Rico"]
[Result "1/2-1/2"]
[WhiteElo "1667"]
[BlackElo "1664"]
[PlyCount "36"]
[EventDate "2015.??.??"]
[WhiteTeam "Randspringer Bad Salzungen"]
[BlackTeam "SG Barchfeld/Breitungen"]

1. e4 d6 2. d4 g6 3. Nf3 Bg7 4. Be2 Nf6 5. Nc3 O-O 6. O-O Bg4 7. h3 Bxf3 8.
Bxf3 e5 9. dxe5 dxe5 10. Qxd8 Rxd8 11. Be3 Nc6 12. Nb5 a6 13. Nxc7 Rac8 14. Nd5
Nxd5 15. exd5 Nd4 16. Bxd4 exd4 17. Be4 f5 18. Bd3 Rxd5 1/2-1/2

[Event "Landesklasse West 2014/2015"]
[Site "?"]
[Date "2015.03.22"]
[Round "8"]
[White "Heß, Wolfgang"]
[Black "Mäurer, Michael"]
[Result "1/2-1/2"]
[WhiteElo "1725"]
[BlackElo "1576"]
[PlyCount "48"]
[EventDate "2015.??.??"]
[WhiteTeam "SG Barchfeld/Breitungen"]
[BlackTeam "Randspringer Bad Salzungen"]

1. e4 c6 2. d4 d5 3. Nc3 dxe4 4. Nxe4 Bf5 5. Ng3 Bg6 6. Nf3 Nd7 7. Bd3 Bxd3 8.
Qxd3 e6 9. O-O Ngf6 10. c4 Bd6 11. Ne4 Nxe4 12. Qxe4 Nf6 13. Qe2 O-O 14. Bg5 h6
15. Bxf6 Qxf6 16. Rfe1 Rad8 17. Rad1 Rfe8 18. Qc2 c5 19. dxc5 Bxc5 20. a3 Rxd1
21. Rxd1 Rd8 22. Rxd8+ Qxd8 23. b4 Be7 24. c5 Qd5 1/2-1/2

[Event "Landesklasse West 2014/2015"]
[Site "?"]
[Date "2015.03.22"]
[Round "8"]
[White "Meister, Matthias"]
[Black "Hellrung, Bernhard"]
[Result "1/2-1/2"]
[WhiteElo "1745"]
[BlackElo "1867"]
[PlyCount "33"]
[EventDate "2015.??.??"]
[WhiteTeam "SK Dingelstädt 1921"]
[BlackTeam "SV Breitenworbis"]

1. e4 c5 2. Nc3 Nc6 3. Bc4 e6 4. d3 a6 5. a4 g6 6. Nge2 Bg7 7. Bf4 d6 8. O-O
Nge7 9. Bg5 h6 10. Bh4 Qc7 11. Qd2 O-O 12. f4 Kh7 13. Bxe7 Nxe7 14. h3 f5 15.
Ng3 Bd7 16. Kh1 Rae8 17. Rae1 1/2-1/2

[Event "Landesklasse West 2014/2015"]
[Site "?"]
[Date "2015.03.22"]
[Round "8"]
[White "Kirchberg, Hans-Georg"]
[Black "Gast, Rainer"]
[Result "1/2-1/2"]
[WhiteElo "1661"]
[BlackElo "1829"]
[PlyCount "38"]
[EventDate "2015.??.??"]
[WhiteTeam "SK Dingelstädt 1921"]
[BlackTeam "SV Breitenworbis"]

1. d4 Nf6 2. Nf3 e6 3. e3 d5 4. Bd3 Be7 5. Nbd2 O-O 6. O-O b6 7. Re1 Bb7 8. c3
Nbd7 9. e4 dxe4 10. Nxe4 Nxe4 11. Bxe4 Bxe4 12. Rxe4 Nf6 13. Re1 c5 14. dxc5
Bxc5 15. Be3 Qc7 16. Bxc5 Qxc5 17. Qc2 Rfd8 18. Rad1 Rac8 19. h3 b5 1/2-1/2

[Event "Landesklasse West 2014/2015"]
[Site "?"]
[Date "2015.03.22"]
[Round "8"]
[White "Lorenz, Sebastian"]
[Black "Vergin, Marcel"]
[Result "1/2-1/2"]
[WhiteElo "1558"]
[BlackElo "1793"]
[PlyCount "39"]
[EventDate "2015.??.??"]
[WhiteTeam "SK Dingelstädt 1921"]
[BlackTeam "SV Breitenworbis"]

1. e4 c5 2. Nc3 a6 3. a4 e6 4. f4 Nc6 5. Bc4 d6 6. Nf3 Qc7 7. d3 Nf6 8. O-O Be7
9. Bd2 Rb8 10. e5 dxe5 11. fxe5 Nxe5 12. Nxe5 Qxe5 13. Qf3 Qd4+ 14. Be3 Qg4 15.
Qf2 b6 16. Bf4 Ra8 17. h3 Qg6 18. Qf3 Ra7 19. Qc6+ Bd7 20. Qxb6 1/2-1/2